|
|
|
|
| LEADER |
00817cam a2200205 7i4500 |
| 001 |
0000004219 |
| 005 |
20060620090000.0 |
| 022 |
0 |
0 |
|a 0128-8504
|
| 090 |
0 |
0 |
|a M 338.9595
|b MAL
|
| 110 |
2 |
0 |
|a Unit Perancang Ekonomi. Jabatan Perdana Menteri
|
| 245 |
2 |
0 |
|a Rancangan Malaysia Ke Tujuh :
|b 1996 - 2000.
|
| 260 |
0 |
0 |
|a Kuala Lumpur:
|b Unit Perancang Ekonomi, Jabatan Perdana Menteri,
|c 1996.
|
| 300 |
# |
# |
|a 797 p.
|
| 500 |
0 |
0 |
|a Library has Seventh Malaysia Plan 1996 - 2000
|
| 650 |
0 |
0 |
|a Economic development --
|z Malaysia
|
| 651 |
0 |
0 |
|a Malaysia
|
| 999 |
|
|
|a 0000007087
|b Serials
|c Open shelf
|e Business Information Centre
|
| 999 |
|
|
|a 0000007168
|b Serials
|c Open shelf
|e Business Information Centre
|
| 999 |
|
|
|a 0000007169
|b Serials
|c Open shelf
|e Business Information Centre
|
| 999 |
|
|
|a B000007087
|b Book
|c Malaysia
|e Business Information Centre
|